| 000 | 01438cam a2200361 a 4500 | ||
|---|---|---|---|
| 001 | 3012882 | ||
| 003 | OSt | ||
| 005 | 20160530140737.0 | ||
| 008 | 940106s1994 enka b 001 0 eng | ||
| 010 | _a 94002327 | ||
| 020 | _a0198599412 (pbk.) | ||
| 040 |
_aDLC _cDLC _dDLC |
||
| 050 | 0 | 0 |
_aQH509 _b.G85 1994 |
| 082 | 0 | 0 |
_aQU 120 _bG9421 2001 |
| 245 | 0 | 0 |
_aGuidebook to the secretory pathway / _cedited by Jonathan Rothblatt, Peter Novick, and Tom H. Stevens. |
| 246 | 1 | 8 | _aSecretory pathway |
| 246 | 3 | _aGuide book to the secretory pathway | |
| 260 |
_aOxford ; _aNew York : _bOxford University Press, _c2001. |
||
| 300 |
_axv, 301 p. : _bill. ; _c25 cm. |
||
| 500 | _a"A Sambrook & Tooze publication at Oxford University Press." | ||
| 504 | _aIncludes bibliographical references and index. | ||
| 650 | 0 |
_aSecretion. _99088 |
|
| 650 | 0 |
_aEndoplasmic reticulum. _99089 |
|
| 650 | 0 |
_aGolgi apparatus. _99090 |
|
| 700 | 1 |
_aRothblatt, Jonathan. _99091 |
|
| 700 | 1 |
_aNovick, Peter. _99092 |
|
| 700 | 1 |
_aStevens, Tom H. _99093 |
|
| 856 | 4 | 2 |
_3Publisher description _uhttp://www.loc.gov/catdir/enhancements/fy0603/94002327-d.html |
| 856 | 4 | 1 |
_3Table of contents only _uhttp://www.loc.gov/catdir/enhancements/fy0603/94002327-t.html |
| 906 |
_a7 _bcbc _corignew _d1 _eocip _f19 _gy-gencatlg |
||
| 942 |
_2ddc _cO_SHELF |
||
| 999 |
_c4216 _d4216 |
||